00662nam a2200205 a 4500001001000000003000900010005001700019007000300036008004100039040002500080082002200105245005800127264006900185300002700254336002700281337003300308338002800341651003700369651005000406000033133DO-SdBNP20251016091943.0ta110817s1900 dr r 000 0 spa d aDO-SdBNPbspacBNPHU 4a972.93bD671r22200aDominican Republic :ba study in the new imperialism. 4aNew York :bInstitute for International Labor Research,c[19..?] a79 páginas ;c22 cm. atextobtxt2rdacontent asin mediaciónbn2rdamedia avolumenbnc2rdacarrier 4aRepública DominicanaxHistoria 4aRepública DominicanaxPolítica y gobierno